Aktivizácia obchodných organizácií pri upevňovaní rovnovážnosti a proporcionality na vnútornom trhu

Gespeichert in:
Bibliographische Detailangaben
1. Verfasser: Kita, Jaroslav
Format: Buchkapitel
Sprache:Slowakisch
Tags: Tag hinzufügen
Keine Tags, Fügen Sie das erste Tag hinzu!

MARC

LEADER 00000naa$a2200000$$$4500
001 0129651
005 20230116121357.8
041 0 |a slo 
044 |a SK 
245 1 0 |a Aktivizácia obchodných organizácií pri upevňovaní rovnovážnosti a proporcionality na vnútornom trhu  |c Jaroslav Kita 
100 1 |a Kita, Jaroslav